|
|
|
|
| LEADER |
00000naa2a2200000 4500 |
| 001 |
606663 |
| 005 |
20260304094903.0 |
| 035 |
|
|
|a (RuTPU)RU\TPU\conf\4042
|
| 035 |
|
|
|a RU\TPU\conf\4041
|
| 090 |
|
|
|a 606663
|
| 100 |
|
|
|a 20140605d2014 k y0rusy50 ba
|
| 101 |
0 |
|
|a eng
|
| 102 |
|
|
|a RU
|
| 135 |
|
|
|a drcn ---uucaa
|
| 181 |
|
0 |
|a i
|
| 182 |
|
0 |
|a b
|
| 200 |
1 |
|
|a Led radiation with different spectra influence on plants development at different stages of vegetation
|f D. V. Starodubtseva [et al.]
|g sci. adv. S. B. Turanov
|
| 203 |
|
|
|a Текст
|c электронный
|
| 225 |
1 |
|
|a Modern issues of science and technologies
|
| 300 |
|
|
|a Заглавие с титульного экрана
|
| 320 |
|
|
|a [Библиогр.: с. 279 (6 назв.)]
|
| 337 |
|
|
|a Adobe Reader
|
| 463 |
|
1 |
|0 (RuTPU)RU\TPU\conf\3591
|t Ресурсоэффективным технологиям - энергию и энтузиазм молодых
|o Сборник научных трудов V Всероссийской конференции студентов элитного технического образования, г. Томск, 25 -27 марта 2014 г.
|f Национальный исследовательский Томский политехнический университет (ТПУ)
|v [С. 276-279]
|d 2014
|
| 610 |
1 |
|
|a труды учёных ТПУ
|
| 610 |
1 |
|
|a электронный ресурс
|
| 610 |
1 |
|
|a спектры
|
| 610 |
1 |
|
|a растения
|
| 610 |
1 |
|
|a развитие
|
| 610 |
1 |
|
|a вегетация
|
| 701 |
|
1 |
|a Starodubtseva
|b D. V.
|c specialist in educational and methodical work
|f 1986-
|g Daria Vyacheslavovna
|3 (RuTPU)RU\TPU\pers\38840
|
| 701 |
|
1 |
|a Turanov
|b S. B.
|c specialist in the field of lightning engineering
|c Associate Professor of Tomsk Polytechnic University, Candidate of Technical Sciences
|f 1990-
|g Sergey Borisovich
|3 (RuTPU)RU\TPU\pers\31579
|9 15739
|
| 701 |
|
1 |
|a Yakovlev
|b A. N.
|c specialist in the field of lightning engineering
|c Vice-rector-Director of Tomsk Polytechnic University, Candidate of physical and mathematical sciences
|f 1971-
|g Aleksey Nikolaevich
|3 (RuTPU)RU\TPU\pers\31580
|
| 701 |
|
1 |
|a Kozyreva
|b I. N.
|c physicist
|c Engineer of Tomsk Polytechnic University
|f 1986-
|g Irina Nikolaevna
|3 (RuTPU)RU\TPU\pers\32404
|
| 702 |
|
1 |
|a Turanov
|b S. B.
|c specialist in the field of lightning engineering
|c Engineer of Tomsk Polytechnic University
|f 1990-
|g Sergey Borisovich
|4 727
|
| 712 |
0 |
2 |
|a Национальный исследовательский Томский политехнический университет (ТПУ)
|b Институт физики высоких технологий (ИФВТ)
|b Кафедра лазерной и световой техники (ЛиСТ)
|3 (RuTPU)RU\TPU\col\18690
|
| 801 |
|
2 |
|a RU
|b 63413507
|c 20210709
|g RCR
|
| 856 |
4 |
|
|u http://earchive.tpu.ru/handle/11683/65994
|
| 856 |
4 |
|
|u http://www.lib.tpu.ru/fulltext/c/2014/C08/116.pdf
|
| 942 |
|
|
|c CF
|